000 00740nam a2200289Ia 4500
005 20260324114032.0
008 008 260324s9999 xx 000 0 eng d
020 _a9781003445258
037 _aEBOOK
040 _aCRL
040 _beng
040 _cCRL
041 _2eng
041 _aeng
084 _qCRL
100 _aLaura W. Perna; Robert D. Reason; John M. Braxton
_91149168
245 0 _aImproving College Student Retention
245 0 _bNew Developments in Theory, Research, and Practice
260 _bTaylor and Francis
260 _c2023
365 _a
365 _b220
856 _uhttp://www.taylorfrancis.com/books/9781003445258
942 _cEBOOK
999 _c1739135
_d1739135